| 000 | 00593nam a2200205 a 4500 | ||
|---|---|---|---|
| 005 | 20220524063735.0 | ||
| 008 | 991125s1979 es 000 0 spa u | ||
| 020 | _a8472222466 | ||
| 035 | _aUPN01000023587 | ||
| 049 | _aCG | ||
| 050 | 4 |
_aQH365 D8 _bF3.3 1979 |
|
| 100 | 1 |
_aFarrington, Benjamín, _d1891-1974 _933042 |
|
| 245 | 1 | 3 |
_aEl evolucionismo / _cBenjamín Farrington ; tr. de Pilar Silver. |
| 250 | _a3a ed. | ||
| 260 |
_aBarcelona, Esp. : _bLaia, _c1979. |
||
| 300 | _a120 p. | ||
| 440 | 0 |
_aLaia B ; _v41. _pCiencias de la naturaleza |
|
| 650 | 2 |
_aEvolución _94472 |
|
| 905 | _aLibro | ||
| 999 |
_c23587 _d23587 |
||